Guiones, planes, metas y entendimiento: un estudio de las estructuras del conocimiento humano
Պահպանված է:
| Հիմնական հեղինակներ: | , |
|---|---|
| Ձևաչափ: | Գիրք |
| Լեզու: | իսպաներեն |
| Հրապարակվել է: |
Barcelona
Paidós
1987
|
| Շարք: | Cognición y Desarrollo Humano, 7
|
| Խորագրեր: | |
| Ցուցիչներ: |
Ավելացրեք ցուցիչ
Չկան պիտակներ, Եղեք առաջինը, ով նշում է այս գրառումը!
|
MARC
| LEADER | 00000nam a2200000 a 4500 | ||
|---|---|---|---|
| 001 | UCW7480 | ||
| 003 | CL-VaPUC | ||
| 008 | 930312e19870000SP |||||||||||||||||spa|d | ||
| 082 | 0 | 4 | |a 153 |b SCH |2 21 |
| 100 | 0 | |a Schank, Roger C |e author |9 312631 | |
| 700 | 0 | |a Abelson, Robert P |e author |9 312632 | |
| 245 | 1 | 0 | |a Guiones, planes, metas y entendimiento: un estudio de las estructuras del conocimiento humano |
| 300 | |a 277 p | ||
| 942 | |c BK | ||
| 945 | |d 19930312 00:00:00 | ||
| 260 | |a Barcelona |b Paidós |c 1987 | ||
| 650 | 7 | |a INTELIGENCIA ARTIFICIAL |2 CL-VaPUC |9 312633 | |
| 650 | 0 | |a Inteligencia |9 267038 | |
| 650 | 0 | |a Lingüística |9 265068 | |
| 583 | |a last modification |c 19930312 00:00:00 |k Rodrigo Vera | ||
| 490 | 0 | |a Cognición y Desarrollo Humano, 7 | |
| 999 | |c 220220 |d 220218 | ||
| 952 | |0 0 |1 0 |4 0 |6 153_000000000000000_SCH_1987 |7 0 |8 A |9 212154 |a BIBEDU |b BIBEDU |d 2019-11-15 |i 2803976 |o 153 SCH 1987 |p 2803976 |r 2019-11-15 |w 2019-11-15 |y BK |k EDU | ||
| 952 | |0 0 |1 0 |4 0 |6 153_000000000000000_SCH_1987 |7 0 |8 A |9 212155 |a FDOPOS |b FDOPOS |d 2019-11-15 |i 3084515 |o 153 SCH 1987 |p 3084515 |r 2025-01-22 |w 2019-11-15 |y BK |k MLA | ||
| 952 | |0 0 |1 0 |4 0 |6 153_000000000000000_SCH_1987 |7 0 |8 A |9 212156 |a FDOPOS |b FDOPOS |d 2019-11-15 |i 3684148 |o 153 SCH 1987 |p 3684148 |r 2025-01-22 |w 2019-11-15 |y BK |k MLA | ||